The ststesman's yearbook 2000 / (Record no. 186378)

000 -LEADER
fixed length control field 00474 a2200169 4500
003 - CONTROL NUMBER IDENTIFIER
control field Nust
005 - DATE AND TIME OF LATEST TRANSACTION
control field 20230126133304.0
020 ## - INTERNATIONAL STANDARD BOOK NUMBER
International Standard Book Number 0333733355
040 ## - CATALOGING SOURCE
Transcribing agency Nust
082 ## - DEWEY DECIMAL CLASSIFICATION NUMBER
Classification number 910.3,STA
245 ## - TITLE STATEMENT
Title The ststesman's yearbook 2000 /
Statement of responsibility, etc. Editor Barry Turner
260 ## - PUBLICATION, DISTRIBUTION, ETC.
Place of publication, distribution, etc. Britian
Name of publisher, distributor, etc. Mcmillan
300 ## - PHYSICAL DESCRIPTION
Extent 2024:p
505 ## - FORMATTED CONTENTS NOTE
Formatted contents note Part 1: International Organization (Page-3), Part 2: Countries of The World A-Z (Page-119).
650 ## - SUBJECT ADDED ENTRY--TOPICAL TERM
Topical term or geographic name entry element Yearbook 2000
9 (RLIN) 107783
942 ## - ADDED ENTRY ELEMENTS (KOHA)
Source of classification or shelving scheme
Koha item type Book
Holdings
Withdrawn status Lost status Source of classification or shelving scheme Damaged status Not for loan Permanent Location Current Location Shelving location Date acquired Full call number Barcode Date last seen Price effective from Koha item type Public note
          Military College of Signals (MCS) Military College of Signals (MCS) General Stacks 12/12/2016 910.3,STA MCS27810 12/08/2016 12/12/2016 Book Almirah No.58, Shelf No.6
© 2023 Central Library, National University of Sciences and Technology. All Rights Reserved.